Statistiques concernant les capitales d'Asie

Cliquez ici pour prendre le quiz!

Statistiques générales

  • Ce quiz a été pris 53 fois
  • Le résultat moyen est 35 sur 48

Statistiques - réponses

capitales % Correct
Tokyo
100%
Pékin
98%
Katmandou
95%
Hanoï
95%
Oulan-Bator
95%
Bagdad
95%
Séoul
93%
Jakarta
93%
New Delhi
90%
Bangkok
90%
Damas
90%
Pyongyang
88%
Ankara
88%
Jérusalem
88%
Beyrouth
85%
Manille
85%
Téhéran
85%
Islamabad
83%
Riyad
83%
Kaboul
83%
Singapour
80%
Dacca
80%
Bakou
78%
Sanaa
78%
Kuala Lumpur
75%
Amman
75%
Doha
73%
Taipei
73%
Erevan
73%
Vientiane
70%
Malé
70%
Tbilissi
70%
Koweït
65%
Astana
65%
Mascate
65%
Tachkent
63%
Phnom Penh
63%
Dili
63%
Nicosie
58%
Abou Dabi
58%
Manama
55%
Thimphou
55%
Bichkek
50%
Douchanbé
50%
Achgabat
48%
Bandar Seri Begawan
40%
Naypyidaw
35%
Sri Jayawardenapura Kotte
10%

Distribution des résultats

Percentile by Number Answered

% des personnes avec chaque résultat

Votre développement - résultats

Vous n’avez pas pris ce quiz